<?xml version="1.0" encoding="UTF-8"?>
<record
    xmlns:xsi="http://www.w3.org/2001/XMLSchema-instance"
    xsi:schemaLocation="http://www.loc.gov/MARC21/slim http://www.loc.gov/standards/marcxml/schema/MARC21slim.xsd"
    xmlns="http://www.loc.gov/MARC21/slim">

  <leader>05338cam a22006855i 4500</leader>
  <controlfield tag="001">23490883</controlfield>
  <controlfield tag="003">OSt</controlfield>
  <controlfield tag="005">20260320225526.0</controlfield>
  <controlfield tag="008">230215s2023    mx            000 0 spa  </controlfield>
  <datafield tag="010" ind1=" " ind2=" ">
    <subfield code="a">  2023468498</subfield>
  </datafield>
  <datafield tag="020" ind1=" " ind2=" ">
    <subfield code="a">9786073072113</subfield>
    <subfield code="q">(UANM)</subfield>
  </datafield>
  <datafield tag="020" ind1=" " ind2=" ">
    <subfield code="a">6073072112</subfield>
  </datafield>
  <datafield tag="020" ind1=" " ind2=" ">
    <subfield code="a">9788419233523</subfield>
    <subfield code="q">(RM VERLAG)</subfield>
  </datafield>
  <datafield tag="020" ind1=" " ind2=" ">
    <subfield code="a">8419233528</subfield>
  </datafield>
  <datafield tag="035" ind1=" " ind2=" ">
    <subfield code="a">23490883</subfield>
  </datafield>
  <datafield tag="035" ind1=" " ind2=" ">
    <subfield code="a">(CVcHKB)hkb0000012428</subfield>
  </datafield>
  <datafield tag="040" ind1=" " ind2=" ">
    <subfield code="a">DLC</subfield>
    <subfield code="b">eng</subfield>
    <subfield code="e">rda</subfield>
    <subfield code="c">DLC</subfield>
  </datafield>
  <datafield tag="042" ind1=" " ind2=" ">
    <subfield code="a">pcc</subfield>
  </datafield>
  <datafield tag="082" ind1="0" ind2="4">
    <subfield code="a">155.4228</subfield>
    <subfield code="b">A449j</subfield>
  </datafield>
  <datafield tag="100" ind1="1" ind2=" ">
    <subfield code="a">Al&#xFF;s, Francis,</subfield>
    <subfield code="d">1959-</subfield>
    <subfield code="e">autor.</subfield>
  </datafield>
  <datafield tag="240" ind1="1" ind2="0">
    <subfield code="a">Works.</subfield>
    <subfield code="k">Selections</subfield>
  </datafield>
  <datafield tag="245" ind1="1" ind2="0">
    <subfield code="a">Francis Al&#xFF;s :</subfield>
    <subfield code="b">juego de ni&#xF1;xs, 1992-2022 = Francis Al&#xFF;s : children's games, 1992-2022 /</subfield>
    <subfield code="c">en colaboraci&#xF3;n con = in collaboration with Julien Devaux, Rafael Ortega, F&#xE9;lix Blume, Elena Pardo, Emilio Rivera, Alejandro Morales.</subfield>
  </datafield>
  <datafield tag="246" ind1="3" ind2="0">
    <subfield code="a">Juego de ni&#xF1;xs, 1992-2022</subfield>
  </datafield>
  <datafield tag="246" ind1="3" ind2="1">
    <subfield code="a">Francis Al&#xFF;s :</subfield>
    <subfield code="b">children&#x153;s games, 1992-2022</subfield>
  </datafield>
  <datafield tag="246" ind1="3" ind2="0">
    <subfield code="a">Children&#x153;s games, 1992-2022</subfield>
  </datafield>
  <datafield tag="250" ind1=" " ind2=" ">
    <subfield code="a">Primera edici&#xF3;n = First edition.</subfield>
  </datafield>
  <datafield tag="264" ind1=" " ind2="1">
    <subfield code="a">Ciudad de M&#xE9;xico :</subfield>
    <subfield code="b">MUAC, Museo Universitario ArteContempor&#xE1;neo ;</subfield>
    <subfield code="a">Barcelona, Espa&#xF1;a :</subfield>
    <subfield code="b">RMVerlag,</subfield>
    <subfield code="c">2023.</subfield>
  </datafield>
  <datafield tag="300" ind1=" " ind2=" ">
    <subfield code="a">163 p&#xE1;ginas :</subfield>
    <subfield code="b">ilustraciones a color ;</subfield>
    <subfield code="c">22 cm.</subfield>
  </datafield>
  <datafield tag="336" ind1=" " ind2=" ">
    <subfield code="a">texto</subfield>
    <subfield code="b">txt</subfield>
    <subfield code="2">contenido rda</subfield>
  </datafield>
  <datafield tag="337" ind1=" " ind2=" ">
    <subfield code="a">sin mediaci&#xF3;n</subfield>
    <subfield code="b">n</subfield>
    <subfield code="2">medio rda</subfield>
  </datafield>
  <datafield tag="338" ind1=" " ind2=" ">
    <subfield code="a">volumen</subfield>
    <subfield code="b">nc</subfield>
    <subfield code="2">soporte rda</subfield>
  </datafield>
  <datafield tag="490" ind1="0" ind2=" ">
    <subfield code="a">Folio MUAC ;</subfield>
    <subfield code="v">099</subfield>
  </datafield>
  <datafield tag="500" ind1=" " ind2=" ">
    <subfield code="a">Publicado con motivo de la exposici&#xF3;n Francis Al&#xFF;s. Juegos de ni&#xF1;xs, 1999-2022 (11 de febrero al 17 de septiembre de 2023) MUAC, Museo Universitario Arte Contempor&#xE1;neo. UNAM, Universidad Nacional Aut&#xF3;noma de M&#xE9;xico, Ciudad de M&#xE9;xico; (invierno de 2023-2024) MAZ, Museo de Arte de Zapopan, Jalisco = Published on occasion of the exhibition Francis Al&#xFF;s. Children&#x153;s Games, 1999-2022 (February 11 to September 17, 2022) MUAC, Museo Universitario Arte Contempor&#xE1;neo. UNAM, Universidad Nacional Aut&#xF3;noma de M&#xE9;xico, Mexico City; (Winter 2023- 2024) MAZ, Museo de Arte de Zapopan, Jalisco -- Colof&#xF3;n.</subfield>
  </datafield>
  <datafield tag="504" ind1=" " ind2=" ">
    <subfield code="a">Incluye referencias bibliogr&#xE1;ficas. </subfield>
  </datafield>
  <datafield tag="505" ind1="8" ind2=" ">
    <subfield code="a">Una colecci&#xF3;n de innumerables peque&#xF1;as alegor&#xED;as. Los Juegos de ni&#xF1;xs de Francis Al&#xFF;s = A Collection of innumerable little allegories. Francis Al&#xFF;s&#x153;s "Children's Games" / Cuauht&#xE9;moc Medina -- Francis Al&#xFF;s y los Juegos de ni&#xF1;xs: el helic&#xF3;ptero y el saltamontes = Francis Al&#xFF;s and Children&#x153;s Games: The helicopter and the grasshopper / Luis P&#xE9;rez-Oramas -- Juegos de ni&#xF1;xs = Children&#x153;s Games 1999-2022 / Textos de = Texts by Lorna Scott Fox -- Semblanza = Biographical Sketch -- Cat&#xE1;logo = Catalog.</subfield>
  </datafield>
  <datafield tag="520" ind1=" " ind2=" ">
    <subfield code="a">Exposici&#xF3;n de la obra de un artista emblem&#xE1;tico de la escena contempor&#xE1;nea nacional e internacional. Desde 1999, Al&#xFF;s produce v&#xED;deos que documentan los juegos que los ni&#xF1;os juegan en la calle y en los patios de todo el mundo. Juegos Infantiles es un archivo permanente de pr&#xE1;cticas urbanas que la modernizaci&#xF3;n ha ido desterrando de la vida cotidiana, al distorsionarse el concepto de espacio p&#xFA;blico por el dominio de los veh&#xED;culos y el tiempo libre por las distracciones electr&#xF3;nicas. Muchos de estos v&#xED;deos se han grabado en regiones del mundo relativamente subdesarrolladas econ&#xF3;micamente, donde la fuerza de la tradici&#xF3;n y la comunidad ha permitido que sobreviva la vida compartida de la infancia en la calle. Si bien a menudo tienen un valor directo como documentaci&#xF3;n etnogr&#xE1;fica, tambi&#xE9;n registran metaf&#xF3;ricamente las transformaciones y los conflictos de las sociedades contempor&#xE1;neas. Pero tanto por la misteriosa manera en que ciertos juegos se juegan pr&#xE1;cticamente de forma id&#xE9;ntica en sociedades muy diferentes, como por su valor humano, se convierten tambi&#xE9;n en un mecanismo significante que une diversas culturas y formas de vida. Hace alg&#xFA;n tiempo, Francis Al&#xFF;s me coment&#xF3; que Juegos Infantiles era uno de sus proyectos favoritos: &#xAB;A veces pienso que la &#xFA;nica manera de emplear mi tiempo es terminando esta serie. Al fin y al cabo, cada vez era m&#xE1;s dif&#xED;cil encontrar estos juegos en las ciudades y sociedades contempor&#xE1;neas&#xBB;. &#x2014;P&#xE1;gina 17.</subfield>
  </datafield>
  <datafield tag="546" ind1=" " ind2=" ">
    <subfield code="a">en espa&#xF1;ol.</subfield>
  </datafield>
  <datafield tag="600" ind1="1" ind2="0">
    <subfield code="a">Al&#xFF;s, Francis,</subfield>
    <subfield code="d">1959-</subfield>
    <subfield code="x">Cr&#xED;tica e interpretaci&#xF3;n.</subfield>
  </datafield>
  <datafield tag="600" ind1="1" ind2="0">
    <subfield code="a">Al&#xFF;s, Francis,</subfield>
    <subfield code="d">1959-</subfield>
    <subfield code="v">Exposiciones.</subfield>
  </datafield>
  <datafield tag="650" ind1=" " ind2="0">
    <subfield code="a">Ni&#xF1;os en el arte</subfield>
    <subfield code="y">siglo XXI</subfield>
    <subfield code="v">Exposiciones.</subfield>
  </datafield>
  <datafield tag="650" ind1=" " ind2="0">
    <subfield code="a">Video arte</subfield>
    <subfield code="y">siglo XXI</subfield>
    <subfield code="v">Exposiciones.</subfield>
  </datafield>
  <datafield tag="650" ind1=" " ind2="0">
    <subfield code="a">Fotograf&#xED;a de ni&#xF1;os</subfield>
    <subfield code="y">siglo XXI</subfield>
    <subfield code="v">Exposiciones.</subfield>
  </datafield>
  <datafield tag="650" ind1=" " ind2="0">
    <subfield code="a">Juegos</subfield>
    <subfield code="y">siglo XXI</subfield>
    <subfield code="v">Exposiciones.</subfield>
  </datafield>
  <datafield tag="655" ind1=" " ind2="7">
    <subfield code="a">Cat&#xE1;logos de exposiciones.</subfield>
    <subfield code="2">lcgft</subfield>
    <subfield code="0">https://id.loc.gov/authorities/genreForms/gf2014026098</subfield>
  </datafield>
  <datafield tag="700" ind1="1" ind2=" ">
    <subfield code="a">Devaux, Julien,</subfield>
    <subfield code="e">autor.</subfield>
  </datafield>
  <datafield tag="700" ind1="1" ind2=" ">
    <subfield code="a">Ortega, Rafael,</subfield>
    <subfield code="e">autor.</subfield>
  </datafield>
  <datafield tag="700" ind1="1" ind2=" ">
    <subfield code="a">Blume, F&#xE9;lix,</subfield>
    <subfield code="e">autor.</subfield>
  </datafield>
  <datafield tag="700" ind1="1" ind2=" ">
    <subfield code="a">Pardo, Elena,</subfield>
    <subfield code="e">autor.</subfield>
  </datafield>
  <datafield tag="700" ind1="1" ind2=" ">
    <subfield code="a">Rivera, Emilio,</subfield>
    <subfield code="e">autor.</subfield>
  </datafield>
  <datafield tag="700" ind1="1" ind2=" ">
    <subfield code="a">Morales, Alejandro,</subfield>
    <subfield code="e">autor.</subfield>
  </datafield>
  <datafield tag="700" ind1="1" ind2=" ">
    <subfield code="a">Neuhouser, Julianna,</subfield>
    <subfield code="e">traductor.</subfield>
  </datafield>
  <datafield tag="700" ind1="1" ind2=" ">
    <subfield code="a">Soler Frost, Jaime,</subfield>
    <subfield code="e">traductor.</subfield>
  </datafield>
  <datafield tag="710" ind1="2" ind2=" ">
    <subfield code="a">Universidad Nacional Aut&#xF3;noma de M&#xE9;xico.</subfield>
    <subfield code="b">Museo Universitario Arte Contempor&#xE1;neo,</subfield>
    <subfield code="e">organismo emisor,</subfield>
    <subfield code="e">instituci&#xF3;n anfitriona.</subfield>
  </datafield>
  <datafield tag="710" ind1="2" ind2=" ">
    <subfield code="a">Museo de Arte de Zapopan,</subfield>
    <subfield code="e">instituci&#xF3;n anfitriona.</subfield>
  </datafield>
  <datafield tag="830" ind1=" " ind2="0">
    <subfield code="a">Folio MUAC ;</subfield>
    <subfield code="v">099.</subfield>
  </datafield>
  <datafield tag="906" ind1=" " ind2=" ">
    <subfield code="a">0</subfield>
    <subfield code="b">ibc</subfield>
    <subfield code="c">origres</subfield>
    <subfield code="d">u</subfield>
    <subfield code="e">ncip</subfield>
    <subfield code="f">20</subfield>
    <subfield code="g">y-gencatlg</subfield>
  </datafield>
  <datafield tag="942" ind1=" " ind2=" ">
    <subfield code="2">ddc</subfield>
    <subfield code="c">1</subfield>
    <subfield code="n">0</subfield>
  </datafield>
  <datafield tag="999" ind1=" " ind2=" ">
    <subfield code="c">4610</subfield>
    <subfield code="d">4610</subfield>
  </datafield>
  <datafield tag="952" ind1=" " ind2=" ">
    <subfield code="0">0</subfield>
    <subfield code="1">0</subfield>
    <subfield code="2">ddc</subfield>
    <subfield code="4">0</subfield>
    <subfield code="7">0</subfield>
    <subfield code="8">Libros</subfield>
    <subfield code="a">LV</subfield>
    <subfield code="b">LV</subfield>
    <subfield code="d">2026-03-20</subfield>
    <subfield code="l">0</subfield>
    <subfield code="o">155.422.8 A449j</subfield>
    <subfield code="r">2026-03-20 22:56:12</subfield>
    <subfield code="w">2026-03-20</subfield>
    <subfield code="y">1</subfield>
  </datafield>
</record>
